[Event "4NCL Online Division 3"]
[Site "online"]
[Date "2020.04.07"]
[Round "1.13"]
[White "Keene, Alan"]
[Black "Fowler, Jonathan"]
[Result "1-0"]
[WhiteElo "1840"]
[BlackElo "1892"]
[PlyCount "129"]
[EventDate "2020.04.07"]
[WhiteTeam "Abergavenny and Friends"]
[BlackTeam "Warwick University B"]

1. Nf3 Nf6 2. g3 g6 3. Bg2 Bg7 4. O-O O-O 5. c4 c5 6. Nc3 Nc6 7. d3 d5 8. cxd5
Nxd5 9. Bd2 e6 10. Rc1 b6 11. Nxd5 exd5 12. Bg5 Qd7 13. Qd2 Bb7 14. Bh6 Rfe8
15. Bxg7 Kxg7 16. a3 a5 17. b3 d4 18. Rfe1 Rad8 19. Ng5 h6 20. Nf3 Ne5 21. Nxe5
Rxe5 22. Bxb7 Qxb7 23. e4 dxe3 24. Qc3 f6 25. Rxe3 Qd5 26. Rce1 Qd4 27. Qc4
Rde8 28. Qxd4 cxd4 29. Rxe5 Rxe5 30. Rxe5 fxe5 31. Kg2 Kf6 32. Kf3 g5 33. Ke4
g4 34. a4 Ke6 35. f4 gxf3 36. Kxf3 Kd5 37. g4 e4+ 38. dxe4+ Ke5 39. h4 d3 40.
Ke3 d2 41. Kxd2 Kxe4 42. g5 hxg5 43. hxg5 Kf5 44. Kc3 Kxg5 45. Kc4 Kf5 46. Kb5
Ke5 47. Kxb6 Kd5 48. Kxa5 Kc5 49. b4+ Kc6 50. b5+ Kb7 51. Kb4 Kb6 52. a5+ Kb7
53. Kc5 Kc7 54. a6 Kc8 55. b6 Kb8 56. Kc6 Ka8 57. b7+ Kb8 58. a7+ Kxa7 59. Kc7
Ka6 60. b8=Q Ka5 61. Kc6 Ka4 62. Kc5 Ka3 63. Kc4 Ka2 64. Kc3 Ka1 65. Qb2# 1-0

[Event "4NCL Online Division 3"]
[Site "online"]
[Date "2020.04.07"]
[Round "1.14"]
[White "Fakhoury, Ziad Oussma"]
[Black "Rovaretti, David"]
[Result "1-0"]
[WhiteElo "1450"]
[BlackElo "1643"]
[PlyCount "43"]
[EventDate "2020.04.07"]
[WhiteTeam "Warwick University B"]
[BlackTeam "Abergavenny and Friends"]

1. c4 Nf6 2. g3 c6 3. Bg2 e6 4. e4 d5 5. e5 Nfd7 6. d4 dxc4 7. Nd2 b5 8. Ngf3
Bb7 9. b3 c3 10. Ne4 f5 11. exf6 Nxf6 12. Nxc3 Bb4 13. Bd2 Qe7 14. O-O O-O 15.
Rc1 c5 16. Nxb5 Bxd2 17. Qxd2 a6 18. Nc3 Nfd7 19. d5 exd5 20. Nxd5 Qf7 21. Ng5
Qg6 22. Ne7+ 1-0

[Event "4NCL Online Division 3"]
[Site "online"]
[Date "2020.04.07"]
[Round "1.21"]
[White "Murphy, Sean J."]
[Black "Scott, David A"]
[Result "1-0"]
[WhiteElo "1990"]
[BlackElo "2122"]
[PlyCount "73"]
[EventDate "2020.04.07"]
[WhiteTeam "Cork"]
[BlackTeam "Surbiton 2"]

1. Nf3 d5 2. g3 Nf6 3. Bg2 e6 4. O-O Be7 5. c4 O-O 6. d4 dxc4 7. Qc2 a6 8. a4
Bd7 9. Rd1 Bc6 10. Bg5 b5 11. Bxf6 Bxf6 12. Nbd2 g6 13. b3 cxb3 14. Nxb3 bxa4
15. Nc5 Ra7 16. e3 Qe7 17. Rdc1 Bb5 18. Nxa4 Nd7 19. Nc3 Bc6 20. Ra5 Rfa8 21.
e4 Qb4 22. Raa1 Qb7 23. Rab1 Qc8 24. Qd2 Rb8 25. Rxb8 Qxb8 26. Qf4 Qd8 27. d5
e5 28. Qe3 Nb6 29. dxc6 a5 30. Rd1 Qa8 31. Nb5 a4 32. Nxa7 Qxa7 33. Bf1 a3 34.
Ra1 Be7 35. Bc4 Qa4 36. Ba2 Qc2 37. Qb3 1-0

[Event "4NCL Online Division 3"]
[Site "online"]
[Date "2020.04.07"]
[Round "1.23"]
[White "Lawrence, Simon"]
[Black "Ratnesan, Rajeiv"]
[Result "0-1"]
[WhiteElo "1772"]
[BlackElo "1945"]
[PlyCount "88"]
[EventDate "2020.04.07"]
[WhiteTeam "Cork"]
[BlackTeam "Surbiton 2"]

1. d4 b6 2. Nf3 Bb7 3. e3 g6 4. Bd3 Bg7 5. Nbd2 e6 6. c3 Ne7 7. Qc2 d6 8. e4
Nd7 9. Nb3 O-O 10. Be3 c5 11. dxc5 bxc5 12. O-O Rc8 13. c4 Nc6 14. Qc1 Qb6 15.
Bh6 Nd4 16. Nbxd4 cxd4 17. Bxg7 Kxg7 18. Qd2 Nc5 19. Nxd4 Nxe4 20. Bxe4 Bxe4
21. b3 Bb7 22. Rfc1 Rfd8 23. Qe3 Qc5 24. Ne2 Qxe3 25. fxe3 Rc5 26. Rc3 Rdc8 27.
Rac1 Rg5 28. g3 Rgc5 29. b4 R5c7 30. a4 f5 31. Nd4 Kf6 32. Nb5 Rd7 33. Rd1 Ke7
34. a5 a6 35. Na3 d5 36. Rcd3 Bc6 37. b5 dxc4 38. bxc6 Rxd3 39. Rxd3 cxd3 40.
Kf2 Rxc6 41. Ke1 Rc5 42. Kd2 Rxa5 43. Nc4 Ra2+ 44. Kxd3 Rxh2 0-1

[Event "4NCL Online Division 3"]
[Site "online"]
[Date "2020.04.07"]
[Round "1.24"]
[White "Faulks, Nick"]
[Black "Condon, Gerard"]
[Result "1-0"]
[WhiteElo "1960"]
[BlackElo "1680"]
[PlyCount "77"]
[EventDate "2020.04.07"]
[WhiteTeam "Surbiton 2"]
[BlackTeam "Cork"]

1. e4 e6 2. d4 d5 3. Nc3 dxe4 4. Nxe4 Nd7 5. Nf3 Ngf6 6. Bg5 h6 7. Bxf6 Nxf6 8.
Bd3 Be7 9. Qe2 b6 10. Bb5+ Bd7 11. Ne5 Bxb5 12. Qxb5+ Kf8 13. Nxf6 Bxf6 14.
O-O-O a6 15. Qc6 Rc8 16. Rhe1 Bxe5 17. dxe5 Qg5+ 18. Kb1 Rd8 19. Qxc7 Rxd1+ 20.
Rxd1 Kg8 21. Qd8+ Kh7 22. Qxg5 hxg5 23. c4 Kg6 24. h3 Rh4 25. b3 Re4 26. Rd6
Rxe5 27. Rxb6 Re1+ 28. Kb2 Re2+ 29. Kc3 Rxf2 30. c5 Kf6 31. Rxa6 Ke7 32. Ra7+
Kd8 33. b4 e5 34. c6 f5 35. b5 e4 36. b6 Rf1 37. Ra8+ Ke7 38. c7 Rc1+ 39. Kd2
1-0

[Event "4NCL Online Division 3"]
[Site "online"]
[Date "2020.04.07"]
[Round "1.31"]
[White "Lockett, Karl"]
[Black "Smith, Simon C"]
[Result "0-1"]
[WhiteElo "1810"]
[BlackElo "1915"]
[PlyCount "90"]
[EventDate "2020.04.07"]
[WhiteTeam "Crewe"]
[BlackTeam "Warley Mighty Quins"]

1. Nf3 b6 2. c4 Bb7 3. g3 Bxf3 4. exf3 c5 5. Bg2 Nc6 6. f4 g6 7. O-O Bg7 8. Nc3
e6 9. Re1 Nge7 10. a3 O-O 11. Rb1 Rc8 12. b4 d5 13. bxc5 bxc5 14. cxd5 exd5 15.
Bb2 Qd7 16. Ne2 Nf5 17. Bxg7 Kxg7 18. Nc3 Nfe7 19. Qb3 Nd4 20. Qb2 Kg8 21. Ne2
Nxe2+ 22. Rxe2 Nc6 23. Qf6 Rfe8 24. Rbe1 Rxe2 25. Rxe2 Qd8 26. Qg5 Qxg5 27.
fxg5 Rd8 28. h4 Kf8 29. f4 Rd6 30. Kf2 f5 31. gxf6 Kf7 32. g4 Kxf6 33. g5+ Kf7
34. Bh3 c4 35. f5 gxf5 36. Bxf5 Nd4 37. Re5 Nxf5 38. Rxf5+ Kg6 39. Re5 d4 40.
Rc5 Kh5 41. Kg3 c3 42. dxc3 d3 43. Rc7 Kg6 44. h5+ Kxg5 45. Rg7+ Kh6 0-1

[Event "4NCL Online Division 3"]
[Site "online"]
[Date "2020.04.07"]
[Round "1.32"]
[White "Turner, Jon"]
[Black "Lovatt, Amy"]
[Result "0-1"]
[WhiteElo "1885"]
[BlackElo "1840"]
[PlyCount "60"]
[EventDate "2020.04.07"]
[WhiteTeam "Warley Mighty Quins"]
[BlackTeam "Crewe"]

1. e4 c6 2. d4 d5 3. Bd3 dxe4 4. Bxe4 Nf6 5. Nc3 Nxe4 6. Nxe4 Bf5 7. Ng3 Bg6 8.
Nf3 e6 9. O-O Bd6 10. c4 O-O 11. b3 Nd7 12. Bb2 Qc7 13. Re1 c5 14. Ne4 Be7 15.
Qe2 cxd4 16. Nxd4 a6 17. Rad1 Nf6 18. Ng5 Rfe8 19. Kh1 Nd7 20. Ngxe6 fxe6 21.
Nxe6 Qc6 22. Nxg7 Bb4 23. Nxe8 Rxe8 24. Qg4 Rxe1+ 25. Rxe1 Bxe1 26. Qd4 Nf6 27.
Qd8+ Kf7 28. Ba3 Qd7 29. Qf8+ Ke6 30. Bb2 Bc3 0-1

[Event "4NCL Online Division 3"]
[Site "online"]
[Date "2020.04.07"]
[Round "1.33"]
[White "Gardiner, Harry"]
[Black "Emery, Ian"]
[Result "0-1"]
[WhiteElo "1697"]
[BlackElo "1825"]
[PlyCount "114"]
[EventDate "2020.04.07"]
[WhiteTeam "Crewe"]
[BlackTeam "Warley Mighty Quins"]

1. e4 Nf6 2. e5 Nd5 3. d4 d6 4. Nf3 g6 5. Bc4 Nb6 6. Bb3 Bg7 7. Ng5 e6 8. Qf3
O-O 9. Qh3 h6 10. Ne4 dxe5 11. Bxh6 Qxd4 12. Nbc3 Nd5 13. Rd1 Qb4 14. O-O Nc6
15. Bd2 Qe7 16. Ng5 Rd8 17. Qh7+ Kf8 18. Bxd5 exd5 19. Bc1 Be6 20. h4 f6 21.
Qxg6 fxg5 22. Bxg5 Qf7 23. Qxf7+ Kxf7 24. Bxd8 Rxd8 25. Rfe1 Nb4 26. Re2 e4 27.
Nxe4 Bf5 28. Ng5+ Kg6 29. c3 Nd3 30. Ne6 Rd7 31. Rxd3 Bxd3 32. Nf4+ Kf5 33.
Nxd3 d4 34. cxd4 Rxd4 35. Rd2 Ke4 36. Nc5+ Kd5 37. Rxd4+ Bxd4 38. Nb3 Bxb2 39.
g4 c5 40. Nxc5 Kxc5 41. f4 Kd5 42. f5 Ke5 43. Kh2 Kf4 44. Kh3 b5 45. h5 Kg5 46.
h6 Kxh6 47. Kh4 Bf6+ 48. Kg3 Kg5 49. Kf3 b4 50. Ke2 Kxg4 51. Kd3 Kxf5 52. Kc4
Be7 53. Kb5 Ke4 54. Ka6 Kd3 55. Kxa7 Kc2 56. Kb6 Kb2 57. Kb5 Kxa2 0-1

[Event "4NCL Online Division 3"]
[Site "online"]
[Date "2020.04.07"]
[Round "1.34"]
[White "Jeffs, David"]
[Black "Layhe, Neville"]
[Result "1/2-1/2"]
[WhiteElo "1720"]
[BlackElo "1607"]
[PlyCount "84"]
[EventDate "2020.04.07"]
[WhiteTeam "Warley Mighty Quins"]
[BlackTeam "Crewe"]

1. d4 Nf6 2. Nf3 d5 3. h3 g6 4. Bf4 Bg7 5. c3 O-O 6. e3 c6 7. Bd3 Nbd7 8. Nbd2
Re8 9. Ne5 Nh5 10. Nxd7 Bxd7 11. Bh2 f5 12. Qc2 Nf6 13. Nf3 Ne4 14. Ne5 Be6 15.
f3 Ng5 16. h4 Nf7 17. f4 Nxe5 18. fxe5 h5 19. Bf4 Kh7 20. Qf2 Bh6 21. Bxh6 Kxh6
22. Qf4+ Kg7 23. Qg5 Bd7 24. g4 e6 25. Qxd8 Raxd8 26. gxh5 gxh5 27. Kd2 Kh6 28.
Rhg1 Rg8 29. b4 Rg4 30. Rxg4 hxg4 31. Ke2 Rg8 32. Kf2 Kh5 33. Kg3 a6 34. a4 Rf8
35. Rb1 Ra8 36. a5 Rf8 37. Rc1 Rb8 38. Ra1 Rc8 39. Rc1 Rb8 40. Ra1 Rc8 41. Rc1
Rb8 42. Ra1 Rc8 1/2-1/2

[Event "4NCL Online Division 3"]
[Site "online"]
[Date "2020.04.07"]
[Round "1.41"]
[White "Finn, Peter"]
[Black "Gruau, Martin G"]
[Result "1-0"]
[WhiteElo "1959"]
[BlackElo "2050"]
[PlyCount "75"]
[EventDate "2020.04.07"]
[WhiteTeam "CSC 3"]
[BlackTeam "Catford Cosmonauts 2"]

1. e4 c5 2. Nf3 d6 3. d4 cxd4 4. Nxd4 Nf6 5. f3 e5 6. Nb3 d5 7. Bg5 d4 8. c3
Nc6 9. Bb5 Bd7 10. Bxc6 Bxc6 11. cxd4 Bb4+ 12. Nc3 Qe7 13. O-O exd4 14. Qxd4
Rd8 15. Bxf6 gxf6 16. Nd5 Bxd5 17. exd5 O-O 18. a3 Bd6 19. Rfe1 Qc7 20. Qxf6
Bxh2+ 21. Kh1 Qf4 22. Qxf4 Bxf4 23. Rad1 Rd6 24. Re4 Bh6 25. Re7 Rfd8 26. Rxb7
Rxd5 27. Re1 Rd1 28. Rxd1 Rxd1+ 29. Kh2 Be3 30. Na5 Rc1 31. b3 Rc3 32. Nc4 Bc5
33. Kh3 Kg7 34. a4 Kf6 35. Rb5 Bf2 36. Kg4 Rc1 37. Nd6 Kg6 38. Rg5+ 1-0

[Event "4NCL Online Division 3"]
[Site "online"]
[Date "2020.04.07"]
[Round "1.42"]
[White "Gluckman, Tim"]
[Black "Samarasinghe Jude, Ranga"]
[Result "1/2-1/2"]
[WhiteElo "1907"]
[BlackElo "1924"]
[PlyCount "30"]
[EventDate "2020.04.07"]
[WhiteTeam "Catford Cosmonauts 2"]
[BlackTeam "CSC 3"]

1. e4 g6 2. d4 Bg7 3. c3 d6 4. Bd3 a6 5. Ne2 Nd7 6. f4 b5 7. a4 Bb7 8. axb5
axb5 9. Rxa8 Qxa8 10. Ng3 b4 11. O-O bxc3 12. bxc3 Ngf6 13. Qe2 O-O 14. Nd2 e5
15. f5 d5 1/2-1/2

[Event "4NCL Online Division 3"]
[Site "online"]
[Date "2020.04.07"]
[Round "1.43"]
[White "Evans, Harry G"]
[Black "Turner, Howard"]
[Result "1-0"]
[WhiteElo "1915"]
[BlackElo "1885"]
[PlyCount "53"]
[EventDate "2020.04.07"]
[WhiteTeam "CSC 3"]
[BlackTeam "Catford Cosmonauts 2"]

1. d4 Nf6 2. Nf3 g6 3. Nc3 d5 4. Bf4 a6 5. Qd2 Bg7 6. Bh6 O-O 7. Bxg7 Kxg7 8.
h4 h6 9. h5 g5 10. O-O-O b5 11. Ne5 b4 12. Na4 Ne4 13. Qe3 Bd7 14. Nc5 Nxc5 15.
dxc5 e6 16. Qd4 Qf6 17. e4 Bc6 18. Nxc6 Nxc6 19. Qxf6+ Kxf6 20. exd5 exd5 21.
Rxd5 Ke6 22. Bc4 Na5 23. Rd6+ Kf5 24. Bd3+ Kf4 25. g3+ Kf3 26. Rf6+ Kg2 27.
Be4# 1-0

[Event "4NCL Online Division 3"]
[Site "online"]
[Date "2020.04.07"]
[Round "1.44"]
[White "Sedykh, Stakhey"]
[Black "Kan, Toby"]
[Result "0-1"]
[WhiteElo "1772"]
[BlackElo "1892"]
[PlyCount "74"]
[EventDate "2020.04.07"]
[WhiteTeam "Catford Cosmonauts 2"]
[BlackTeam "CSC 3"]

1. e4 c5 2. Nc3 Nc6 3. g3 g6 4. Bg2 Bg7 5. d3 d6 6. Nge2 e6 7. O-O Nge7 8. f4
O-O 9. Be3 Nd4 10. Rb1 Rb8 11. Qd2 b5 12. b4 a6 13. a3 Qc7 14. Rfc1 Bb7 15. Nd1
f5 16. c3 Nxe2+ 17. Qxe2 fxe4 18. dxe4 c4 19. Nf2 Bc6 20. Qc2 Ra8 21. Ra1 a5
22. Rd1 Ra6 23. Bh3 Bd7 24. Ng4 Rfa8 25. Qb2 Nc6 26. bxa5 Nxa5 27. Nf2 Nb3 28.
Ra2 Nc5 29. Bxc5 Qxc5 30. Rda1 Qe3 31. Rc1 b4 32. Kf1 bxc3 33. Qa1 c2 34. e5
dxe5 35. Re1 exf4 36. Rxe3 Bxa1 37. Rxa1 fxe3 0-1

[Event "4NCL Online Division 3"]
[Site "online"]
[Date "2020.04.07"]
[Round "1.52"]
[White "Srivastava, Arnav"]
[Black "Towers, Nigel S"]
[Result "1/2-1/2"]
[WhiteElo "1960"]
[BlackElo "1858"]
[PlyCount "102"]
[EventDate "2020.04.07"]
[WhiteTeam "Poisoned Pawns"]
[BlackTeam "CSC 4"]

1. d4 Nf6 2. c4 e6 3. Nf3 Bb4+ 4. Bd2 Qe7 5. a3 Bxd2+ 6. Nbxd2 d6 7. e4 e5 8.
d5 O-O 9. Bd3 a5 10. O-O Nbd7 11. b4 b6 12. Qc2 Re8 13. Rfc1 Bb7 14. Rab1 Ra7
15. Nb3 a4 16. Nbd2 Nh5 17. g3 g6 18. Rb2 Rf8 19. Nb1 Ng7 20. Nc3 c6 21. dxc6
Bxc6 22. Nd5 Bxd5 23. cxd5 f5 24. Nd2 f4 25. Qc6 fxg3 26. hxg3 Rb8 27. Bb5 Ne8
28. Qc2 Rba8 29. Bc6 Rc8 30. Qd1 Nb8 31. b5 Qd8 32. Rb4 Nc7 33. Nc4 Nxc6 34.
dxc6 Ne8 35. Qd5+ Kg7 36. Rd1 Nf6 37. Qxd6 Qf8 38. Qxf8+ Rxf8 39. Nxe5 Re7 40.
f4 Nh5 41. Kg2 g5 42. Rd7 Rxd7 43. Nxd7 Rd8 44. f5 Nf6 45. Nxb6 Rd2+ 46. Kf1
Ng4 47. c7 Nh2+ 48. Ke1 Nf3+ 49. Kf1 Nh2+ 50. Kg1 Nf3+ 51. Kf1 Nh2+ 1/2-1/2

[Event "4NCL Online Division 3"]
[Site "online"]
[Date "2020.04.07"]
[Round "1.53"]
[White "Frostick, Helen M"]
[Black "Volovich, Julia"]
[Result "1-0"]
[WhiteElo "1855"]
[BlackElo "1930"]
[PlyCount "101"]
[EventDate "2020.04.07"]
[WhiteTeam "CSC 4"]
[BlackTeam "Poisoned Pawns"]

1. e4 e6 2. d4 d5 3. Nc3 Bb4 4. a3 Bxc3+ 5. bxc3 dxe4 6. Qg4 Nf6 7. Qxg7 Rg8 8.
Qh6 Rg6 9. Qe3 Nc6 10. g3 b6 11. Bg2 Bb7 12. f3 exf3 13. Nxf3 Ne7 14. Bb2 Nf5
15. Qe2 Nd5 16. Ne5 Rg8 17. Rf1 Qe7 18. c4 Ba6 19. Rxf5 exf5 20. Bxd5 O-O-O 21.
Bxf7 Rg7 22. Bh5 f4 23. O-O-O Qg5 24. Bg4+ Kb8 25. gxf4 Qxf4+ 26. Kb1 Bb7 27.
d5 Re7 28. Be6 Qh6 29. Nf7 Rxf7 30. Bxf7 Rf8 31. Be6 Qg6 32. Be5 Bc8 33. Bxc8
Kxc8 34. Qd2 Qh5 35. Re1 Qf3 36. Qe3 Qf7 37. Qh3+ Kb8 38. Qe6 Qf2 39. Bg3 Qf3
40. Qe7 Rc8 41. Qe3 Qg4 42. Rf1 Qxc4 43. Qd3 Qc5 44. Rf7 h5 45. Rh7 b5 46. Rxh5
b4 47. axb4 Qg1+ 48. Kb2 Rf8 49. Qc3 Rf7 50. Rh8+ Kb7 51. Qc6# 1-0

[Event "4NCL Online Division 3"]
[Site "online"]
[Date "2020.04.07"]
[Round "1.54"]
[White "Kumar, Soham"]
[Black "Dharmasena, Gavith"]
[Result "0-1"]
[WhiteElo "1742"]
[BlackElo "1915"]
[PlyCount "154"]
[EventDate "2020.04.07"]
[WhiteTeam "CSC 4"]
[BlackTeam "Poisoned Pawns"]

1. e4 e5 2. Nf3 Nc6 3. Bb5 a6 4. Ba4 Nf6 5. O-O Be7 6. Re1 b5 7. Bb3 O-O 8. c3
d5 9. exd5 Nxd5 10. d4 exd4 11. Nxd4 Nxd4 12. cxd4 c6 13. Nc3 Bd6 14. Nxd5 cxd5
15. Be3 Be6 16. Rc1 Qh4 17. g3 Qh3 18. Qf3 Bb4 19. Rf1 Rfd8 20. a3 Ba5 21. Rc5
Bb6 22. Bxd5 Bxc5 23. Bxa8 Bxd4 24. Bxd4 Rxd4 25. Qc3 Bd5 26. Bxd5 Rxd5 27. Rc1
h5 28. Qc8+ Qxc8 29. Rxc8+ Kh7 30. Rc6 a5 31. Kf1 Rd2 32. Rc5 Rxb2 33. Rxh5+
Kg6 34. Rc5 a4 35. Rc3 Kf5 36. g4+ Kxg4 37. Rg3+ Kh4 38. Rxg7 Rb3 39. Rxf7 Rxa3
40. Ke2 Rb3 41. Kd2 a3 42. Kc2 Rb2+ 43. Kc1 b4 44. Rb7 b3 45. Rb4+ Kh3 46. Ra4
Rc2+ 47. Kb1 a2+ 48. Ka1 Rc1+ 49. Kb2 Rb1+ 50. Kc3 a1=Q+ 51. Rxa1 Rxa1 52. Kxb3
Rf1 53. Kc3 Rxf2 54. Kd4 Re2 55. Kd3 Re8 56. Kd4 Kxh2 57. Kd5 Kg3 58. Kd6 Kf4
59. Kd7 Re1 60. Kd6 Kf5 61. Kd5 Rd1+ 62. Kc4 Ke4 63. Kb3 Rc1 64. Kb2 Rc8 65.
Kb1 Kd3 66. Kb2 Ke3 67. Kb3 Kd3 68. Kb4 Kd4 69. Kb3 Rc7 70. Kb2 Kd3 71. Kb1 Kd2
72. Kb2 Rb7+ 73. Ka3 Kc3 74. Ka2 Rb6 75. Ka1 Kc2 76. Ka2 Rb3 77. Ka1 Ra3# {
Game played with wrong colour.} 0-1

[Event "4NCL Online Division 3"]
[Site "online"]
[Date "2020.04.07"]
[Round "1.61"]
[White "Murdochy, Shivan"]
[Black "Coote, Trevor D"]
[Result "0-1"]
[WhiteElo "1887"]
[BlackElo "2044"]
[PlyCount "70"]
[EventDate "2020.04.07"]
[WhiteTeam "Four Horsemen"]
[BlackTeam "Brentwood"]

1. d4 f5 2. e4 fxe4 3. Nc3 Nf6 4. Bg5 g6 5. f3 d5 6. Bxf6 exf6 7. fxe4 dxe4 8.
Nxe4 Qe7 9. Qe2 Be6 10. O-O-O Nd7 11. d5 Bf7 12. Kb1 O-O-O 13. Nc3 Qxe2 14.
Bxe2 Bb4 15. Ne4 Rhe8 16. Bf3 f5 17. Ng5 Bg8 18. h4 h6 19. N5h3 Ne5 20. a3 Bc5
21. c4 Nxc4 22. Ne2 Be3 23. g4 Nd2+ 24. Rxd2 Bxd2 25. gxf5 gxf5 26. Nhf4 Bxf4
27. Nxf4 Re3 28. Bg2 Rde8 29. Kc2 Re2+ 30. Kc3 Rf2 31. Rf1 Rxf1 32. Bxf1 Re4
33. Nh5 Rxh4 34. Nf6 Bf7 35. Bd3 Kd8 0-1

[Event "4NCL Online Division 3"]
[Site "online"]
[Date "2020.04.07"]
[Round "1.62"]
[White "Molostvov, Dmitry M"]
[Black "Gillespie, David Paul"]
[Result "1/2-1/2"]
[WhiteElo "1720"]
[BlackElo "1862"]
[PlyCount "110"]
[EventDate "2020.04.07"]
[WhiteTeam "Brentwood"]
[BlackTeam "Four Horsemen"]

1. d4 d5 2. c4 e6 3. Nc3 Nf6 4. cxd5 exd5 5. Bg5 Be7 6. e3 O-O 7. Bd3 c6 8.
Nge2 Re8 9. O-O Nbd7 10. f3 Nf8 11. Qc2 Nh5 12. Bxe7 Qxe7 13. e4 dxe4 14. fxe4
Qg5 15. Kh1 Ne6 16. e5 g6 17. Rf2 f5 18. exf6 Nxf6 19. Raf1 Ng4 20. Rf3 Ne3 21.
Rxe3 Qxe3 22. Bxg6 Rf8 23. Bxh7+ Kh8 24. Rxf8+ Nxf8 25. Be4 Bg4 26. h3 Bxe2 27.
Nxe2 Ne6 28. d5 Ng5 29. Bd3 cxd5 30. Qc3+ d4 31. Nxd4 Qe5 32. Nb5 Qxc3 33. Nxc3
Rd8 34. Bf5 Rd2 35. b3 Nf7 36. a4 Nd6 37. Be6 a6 38. Kh2 Rd3 39. Ne2 Re3 40.
Nf4 b5 41. axb5 axb5 42. g4 Ne4 43. b4 Ng5 44. Bd7 Re4 45. Ng6+ Kg7 46. Bxb5
Rxb4 47. Bd3 Rb3 48. Nf4 Nf3+ 49. Kh1 Ra3 50. Be4 Ng5 51. Bg2 Rb3 52. Nh5+ Kg6
53. Nf4+ Kg7 54. Nh5+ Kg6 55. Nf4+ Kg7 1/2-1/2

[Event "4NCL Online Division 3"]
[Site "online"]
[Date "2020.04.07"]
[Round "1.63"]
[White "Gillespie, Gary"]
[Black "Pert, Nina"]
[Result "0-1"]
[WhiteElo "1843"]
[BlackElo "1787"]
[PlyCount "72"]
[EventDate "2020.04.07"]
[WhiteTeam "Four Horsemen"]
[BlackTeam "Brentwood"]

1. d4 e6 2. Nf3 f5 3. c4 Nf6 4. Nc3 Bb4 5. Qc2 O-O 6. a3 Bxc3+ 7. Qxc3 b6 8. g3
Bb7 9. Bg2 c5 10. e3 Nc6 11. O-O Rc8 12. dxc5 bxc5 13. b3 Ne4 14. Qc2 Qe8 15.
Bb2 Qh5 16. Rfd1 Rcd8 17. Rac1 Rf7 18. Nd2 Nf6 19. Nf3 Ng4 20. h3 Nf6 21. Ne5
Nxe5 22. Bxe5 Bxg2 23. Kxg2 Ne4 24. Bd6 Ng5 25. h4 Qf3+ 26. Kh2 Ne4 27. Kg1 Rf6
28. Be7 Rg6 29. Bg5 Nxg5 30. hxg5 Rxg5 31. Kf1 Rxg3 32. Ke1 Rg1+ 33. Kd2 Qxf2+
34. Kc3 Qxe3+ 35. Kb2 Qe5+ 36. Kb1 Rg3 0-1

[Event "4NCL Online Division 3"]
[Site "online"]
[Date "2020.04.07"]
[Round "1.64"]
[White "Pert, Max"]
[Black "Wilkinson, Kevin"]
[Result "1-0"]
[WhiteElo "1697"]
[BlackElo "1392"]
[PlyCount "81"]
[EventDate "2020.04.07"]
[WhiteTeam "Brentwood"]
[BlackTeam "Four Horsemen"]

1. d4 d5 2. Nf3 e6 3. c4 Nf6 4. Nc3 Be7 5. Bf4 c6 6. e3 O-O 7. Qc2 Bd6 8. Bg3
Qe7 9. Bh4 Nbd7 10. Bd3 h6 11. O-O Qe8 12. b3 e5 13. dxe5 Nxe5 14. Bxf6 Nxf3+
15. gxf3 gxf6 16. Kh1 Qe5 17. f4 Qh5 18. Be2 Qh3 19. Rg1+ Kh8 20. Rg3 Bf5 21.
Rxh3 Bxc2 22. Rxh6+ Kg7 23. Rh4 Rh8 24. Rg1+ Bg6 25. Rxh8 Rxh8 26. cxd5 cxd5
27. Nxd5 Kf8 28. Bf3 f5 29. Rc1 Kg7 30. Kg2 b6 31. Rc6 Bb8 32. Nc7 Rd8 33. Na6
Bd6 34. Nc7 Kh6 35. Nb5 Bb8 36. Nd4 Kg7 37. Rc1 Rxd4 38. exd4 Bxf4 39. Rc4 f6
40. d5 Bf7 41. Rxf4 1-0

[Event "4NCL Online Division 3"]
[Site "online"]
[Date "2020.04.07"]
[Round "1.71"]
[White "Rahman, Asad"]
[Black "Dinter, Brian"]
[Result "0-1"]
[WhiteElo "2095"]
[BlackElo "2215"]
[PlyCount "70"]
[EventDate "2020.04.07"]
[WhiteTeam "Harrow 2"]
[BlackTeam "Stroud The Young"]

1. e4 c6 2. d4 d5 3. Nc3 g6 4. Nf3 Bg7 5. e5 Bg4 6. Be2 e6 7. Bg5 Ne7 8. Qd2
Bxf3 9. Bxf3 h6 10. Bh4 Nd7 11. Be2 g5 12. Bg3 c5 13. Nb5 Nf5 14. c3 O-O 15. f4
a6 16. Na3 cxd4 17. cxd4 gxf4 18. Bxf4 f6 19. O-O Qb6 20. exf6 Nxf6 21. Nc2 Ne4
22. Qd3 Rac8 23. Kh1 Qxb2 24. Rac1 Nxd4 25. Nxd4 Rxc1 26. Bxc1 Rxf1+ 27. Bxf1
Qxc1 28. Kg1 Qc5 29. g3 Qxd4+ 30. Qxd4 Bxd4+ 31. Kg2 b5 32. Kf3 Nc3 33. Bh3 Kf7
34. a3 Bc5 35. Kf4 Kf6 0-1

[Event "4NCL Online Division 3"]
[Site "online"]
[Date "2020.04.07"]
[Round "1.72"]
[White "Francis, Joel"]
[Black "Walkusz, Miroslaw"]
[Result "1-0"]
[WhiteElo "1675"]
[BlackElo "1939"]
[PlyCount "89"]
[EventDate "2020.04.07"]
[WhiteTeam "Stroud The Young"]
[BlackTeam "Harrow 2"]

1. a3 d5 2. d4 Nf6 3. Nf3 c6 4. Bg5 e6 5. c4 Be7 6. e3 Nbd7 7. Nc3 O-O 8. Bd3
h6 9. Bh4 dxc4 10. Bxc4 b5 11. Bd3 Nd5 12. Bg3 Nxc3 13. bxc3 Qa5 14. Qc2 a6 15.
O-O Bb7 16. Nd2 c5 17. c4 cxd4 18. exd4 bxc4 19. Nxc4 Qd5 20. Ne3 Qa5 21. Bc7
Qh5 22. Be2 Qg5 23. f4 Qh4 24. g3 Qf6 25. Be5 Nxe5 26. dxe5 Qg6 27. Bd3 f5 28.
Qc7 Rad8 29. Nxf5 exf5 30. Bc4+ Kh8 31. Qxb7 Bc5+ 32. Kh1 Rd2 33. Ra2 Rxa2 34.
Bxa2 Bxa3 35. Bc4 a5 36. Rd1 Re8 37. Rd7 Bf8 38. Qb5 Rc8 39. Rf7 Bb4 40. e6 Qh5
41. Be2 Rc1+ 42. Kg2 Rc2 43. Qe8+ Kh7 44. Rxg7+ Kxg7 45. Qxh5 1-0

[Event "4NCL Online Division 3"]
[Site "online"]
[Date "2020.04.07"]
[Round "1.73"]
[White "Lakhani, Kishan"]
[Black "Southcott-Moyers, Indy"]
[Result "1-0"]
[WhiteElo "1977"]
[BlackElo "1442"]
[PlyCount "67"]
[EventDate "2020.04.07"]
[WhiteTeam "Harrow 2"]
[BlackTeam "Stroud The Young"]

1. e4 c6 2. d4 d5 3. e5 c5 4. c3 e6 5. Nf3 Nc6 6. Be2 cxd4 7. cxd4 Nge7 8. Nc3
Nf5 9. O-O Be7 10. g4 Nh6 11. h3 Ng8 12. a3 h5 13. g5 f6 14. Nh4 f5 15. Ng6 Rh7
16. h4 Qb6 17. Be3 Bf8 18. Bxh5 Nge7 19. Nf4+ Kd8 20. Na4 Qa5 21. b4 Qb5 22.
Be2 Rxh4 23. Bxb5 Rg4+ 24. Ng2 f4 25. Qxg4 fxe3 26. fxe3 Nf5 27. Nh4 Nxe3 28.
Rxf8+ Ke7 29. Ng6+ Kd7 30. Bxc6+ Kxc6 31. Rc1+ Kb5 32. Nc3+ Kc4 33. Qe2+ Kb3
34. Qa2# 1-0

[Event "4NCL Online Division 3"]
[Site "online"]
[Date "2020.04.07"]
[Round "1.74"]
[White "Carey, Alex"]
[Black "Dhemrait, Jagdeep"]
[Result "0-1"]
[WhiteElo "1442"]
[BlackElo "1982"]
[PlyCount "138"]
[EventDate "2020.04.07"]
[WhiteTeam "Stroud The Young"]
[BlackTeam "Harrow 2"]

1. e4 c5 2. Nf3 Nc6 3. d4 cxd4 4. Nxd4 g6 5. Nc3 Bg7 6. Be3 a6 7. a3 e6 8. Be2
Nge7 9. O-O O-O 10. Qd2 d5 11. exd5 Nxd5 12. Nxd5 exd5 13. c3 Be6 14. Rad1 Rc8
15. Nxe6 fxe6 16. Bg4 Re8 17. Rfe1 Ne5 18. Be2 b5 19. Bd4 Qe7 20. Bxe5 Bxe5 21.
Bxb5 Bxc3 22. bxc3 axb5 23. Qb2 Qc5 24. Re3 Ra8 25. Qb4 Qxb4 26. axb4 Ra3 27.
g3 Kf7 28. Kg2 Rc8 29. Rde1 Rc6 30. Rc1 Rb3 31. Ra1 Rcxc3 32. Rxc3 Rxc3 33. Ra5
d4 34. Kf1 d3 35. Ke1 Rc2 36. Rxb5 Re2+ 37. Kf1 Re4 38. Rb7+ Ke8 39. Ra7 Rxb4
40. Ra1 Ke7 41. Rd1 Rb3 42. Ke1 Kf6 43. Kd2 Kf5 44. Ke3 Kg4 45. Rxd3 Rxd3+ 46.
Kxd3 Kf3 47. Kd4 Kxf2 48. Ke5 Kg2 49. Kxe6 Kxh2 50. g4 Kg3 51. g5 Kf4 52. Kf6
Kg4 53. Kg7 Kxg5 54. Kxh7 Kh5 55. Kg7 g5 56. Kf6 g4 57. Kf5 g3 58. Kf4 g2 59.
Kf3 g1=Q 60. Kf4 Qc5 61. Ke4 Kg4 62. Kd3 Kf3 63. Kd2 Qa3 64. Kc2 Qe3 65. Kd1
Qf2 66. Kc1 Ke3 67. Kb1 Kd3 68. Ka1 Kc3 69. Kb1 Qb2# 0-1

[Event "4NCL Online Division 3"]
[Site "online"]
[Date "2020.04.07"]
[Round "1.81"]
[White "Roberts, David N"]
[Black "Porter, Sam J"]
[Result "0-1"]
[WhiteElo "1967"]
[BlackElo "1975"]
[PlyCount "60"]
[EventDate "2020.04.07"]
[WhiteTeam "Horsham"]
[BlackTeam "3 Smarties 1 Tube"]

1. Nf3 Nf6 2. c4 g6 3. g3 Bg7 4. Bg2 O-O 5. O-O d6 6. Nc3 c5 7. d4 Nc6 8. dxc5
dxc5 9. Be3 Nd7 10. Rc1 Qc7 11. Qd2 e6 12. Rfd1 Nce5 13. Nxe5 Nxe5 14. Nb5 Qb6
15. b4 Nxc4 16. Rxc4 Qxb5 17. Rxc5 Qe8 18. Qd6 Qa4 19. Rc7 Be5 20. Qxe5 Qxd1+
21. Bf1 Qd5 22. Qc3 e5 23. h4 Re8 24. Bg2 Qxa2 25. Qc5 Qxe2 26. Bd5 Be6 27.
Bxb7 Rad8 28. Bc6 Rd1+ 29. Kh2 Qf1 30. f4 Qh3# 0-1